Devotional literature in South Asia (Record no. 993332)

MARC details
000 -LEADER
fixed length control field 00777nam a2200265Ia 4500
003 - CONTROL NUMBER IDENTIFIER
control field OSt
005 - DATE AND TIME OF LATEST TRANSACTION
control field 20221005084939.0
008 - FIXED-LENGTH DATA ELEMENTS--GENERAL INFORMATION
fixed length control field 221004b |||||||| |||| 00| 0 eng d
020 ## - INTERNATIONAL STANDARD BOOK NUMBER
International Standard Book Number 0521413117
037 ## - SOURCE OF ACQUISITION
Terms of availability Textual
040 ## - CATALOGING SOURCE
Original cataloging agency CRL
Transcribing agency CRL
Language of cataloging eng
041 ## - LANGUAGE CODE
Source of code eng
Language code of text/sound track or separate title eng
100 ## - MAIN ENTRY--PERSONAL NAME
Personal name McGregor R S Ed.
245 #0 - TITLE STATEMENT
Title Devotional literature in South Asia
Remainder of title Current research 1985-1988
260 ## - PUBLICATION, DISTRIBUTION, ETC.
Place of publication, distribution, etc. New York
Name of publisher, distributor, etc. Cambridge USA
Date of publication, distribution, etc. 1992
300 ## - PHYSICAL DESCRIPTION
Extent 322p
Dimensions cm.
490 ## - SERIES STATEMENT
Series statement University of Cambridge oriental publications; 46
650 ## - SUBJECT ADDED ENTRY--TOPICAL TERM
Topical term or geographic name entry element ENGLISH LITERATURE
942 ## - ADDED ENTRY ELEMENTS (KOHA)
Classification part O49G,1:g(A25), 111N2
Koha item type Textual
Source of classification or shelving scheme
Holdings
Withdrawn status Lost status Damaged status Not for loan Home library Current library Date acquired Total Checkouts Full call number Barcode Date last seen Price effective from Koha item type
        Central Library Central Library 2022-10-05   O49G,1:g(A25) 111N2 CL1040629 2022-10-05 2022-10-05 Textual
Copyright @ Delhi University Library System